00000000nam##2200000za#4500
0019.589653
003CaOODSP
00520210624195741
007cr |||||||||||
008150406|1998||||xxc|||||o    f|0| 0 eng|d
040 |aCaOODSP|beng
041 |aeng
041 |afre
043 |an-cn---
0861 |aSP2-6/1997-PDF
1101 |aCanada. |bQueen's Printer.
24510|aChartered banks - unclaimed balances |h[electronic resource]
260 |bQueen's Printer |cJune 27, 1998.
300 |a362p.|btables, index
4901 |aCanada gazette, Part I. Supplement
5203 |aThe accompanying statements have been compiled from returns made pursuant to section 638 of the Bank Act and section 504 of the Trust and Loan Companies Act. The amounts reported are those of $100 or more payable in Canada in Canadian currency, which have been unclaimed for nine years or more.
590 |a13-25-Supp|b2013-10-28
69007|aBanking|2gcpds
7760#|tBanques à charte: soldes non réclamés : |w(CaOODSP)9.530937
792 |tBanques à charte - soldes non réclamés |efre|w(CaOODSP)9.589654
830#0|aCanada gazette, part I. Supplement.|w(CaOODSP)9.500175
85640|ahttp://publications.gc.ca|qPDF|s1.73 MB|uhttps://publications.gc.ca/collections/collection_2013/gazette/SP2-6-1997.pdf